000 00198 a2200097 4500
020 _a9780062221308
041 _aeng
100 _aHerman Paris
245 _aAmelia Bedelia Joins the Club
942 _cK
999 _c27797
_d27797